000 00621cab a2200253 4500
001 ABS37408
008 090401t1987 xxu||||| |||| 00| 0 eng d
035 _a(Sirsi) u4212
041 _aeng
245 _aSharneyford Supplies Ltd v Edge Barrington Black & Co
260 _c1987
350 _a0
490 _aWeekly Law Reports
_v(1987) 2 WLR 363-379(17)
520 _aCA 14 October 1986.
650 _aBAIN V FOTHERGILL
650 _aBREACH
650 _aCONTRACT
650 _aDAMAGES
650 _aSALE OF LAND
650 _aVENDOR AND PURCHASER
690 _aLAND
942 _n0
948 _c04/03/1997
999 _c2520
_d2520